[Event "HUN-chT2 Barcza 1112 "]
[Site "Hungary"]
[Date "2011.09.25"]
[Round "1"]
[White "Radics, Laszlo"]
[Black "Toth, Jozsef"]
[Result "0-1"]
[WhiteElo "1988"]
[BlackElo "2094"]
[PlyCount "66"]
[EventDate "2011.09.25"]
[EventType "team-tourn"]
[EventRounds "11"]
[EventCountry "HUN"]
[SourceTitle "EXT 2013"]
[Source "ChessBase"]
[SourceDate "2012.11.22"]
[SourceVersion "1"]
[SourceVersionDate "2012.11.22"]
[SourceQuality "1"]
[WhiteTeam "Piremon"]
[BlackTeam "Edeleny"]
[WhiteTeamCountry "HUN"]
[BlackTeamCountry "HUN"]

1. e4 d5 2. exd5 Nf6 3. d4 Nxd5 4. c4 Nb4 5. a3 N4c6 6. Be3 e5 7. d5 Ne7 8. Nc3 Ng6 9. Qc2 a5 10. Bd3 Na6 11. Nf3 Bd6 12. h4 Nc5 13. Bxc5 Bxc5 14. 0-0-0 Bg4 15. Rde1 Bxf3 16. Bxg6 hxg6 17. Rxe5+ Kf8 18. gxf3 Rxh4 19. Ree1 f5 20. Kb1 Rxh1 21. Rxh1 Kf7 22. Qd2 Qf6 23. Nb5 Rc8 24. Re1 c6 25. Re6 Qd8 26. Nc3 cxd5 27. cxd5 Qh4 28. Qe2 Qxf2 29. Re7+ Kf8 30. Qxf2 Bxf2 31. Rxb7 g5 32. Kc2 g4 33. fxg4 fxg4 0-1

[Event "HUN-chT2 Barcza 1011"]
[Site "Hungary"]
[Date "2011.04.10"]
[Round "8.5"]
[White "Radics, Laszlo"]
[Black "Toth, Gabor"]
[Result "0-1"]
[WhiteElo "1988"]
[BlackElo "2183"]
[PlyCount "74"]
[EventDate "2010.09.12"]
[EventType "team-tourn"]
[EventRounds "11"]
[EventCountry "HUN"]
[SourceTitle "EXT 2012"]
[Source "ChessBase"]
[SourceDate "2011.11.24"]
[SourceVersion "1"]
[SourceVersionDate "2011.11.24"]
[SourceQuality "1"]
[WhiteTeam "Piremon"]
[BlackTeam "Hajduszoboszlo"]
[WhiteTeamCountry "HUN"]
[BlackTeamCountry "HUN"]

1. e4 e6 2. d3 d5 3. Nd2 c5 4. g3 Nc6 5. Bg2 Nf6 6. Ngf3 Be7 7. 0-0 0-0 8. e5 Nd7 9. Qe2 b5 10. Re1 a5 11. h4 b4 12. Nf1 Ba6 13. c4 bxc3 14. bxc3 Rb8 15. Bf4 a4 16. Rab1 Qa5 17. Qc2 a3 18. Rb3 c4 19. dxc4 Bxc4 20. Rxb8 Rxb8 21. Bc1 Nc5 22. Re3 Qa6 23. Ne1 Nd7 24. Nf3 Bc5 25. Re1 Qb5 26. N1d2 Bd3 27. Qd1 Qb6 28. Nd4 Nxd4 29. cxd4 Bxd4 30. Qf3 Bf5 31. Bxa3 Nxe5 32. Rxe5 Bxe5 33. Nb3 Be4 34. Qe2 Qb5 35. Qd2 Bxg2 36. Kxg2 Qc4 37. Qe3 Qe4+ 0-1

[Event "HUN-chT2 Barcza 1011"]
[Site "Hungary"]
[Date "2011.03.27"]
[Round "7.5"]
[White "Miklosi, Attila"]
[Black "Radics, Laszlo"]
[Result "1/2-1/2"]
[WhiteElo "2112"]
[BlackElo "2030"]
[PlyCount "61"]
[EventDate "2010.09.12"]
[EventType "team-tourn"]
[EventRounds "11"]
[EventCountry "HUN"]
[SourceTitle "EXT 2012"]
[Source "ChessBase"]
[SourceDate "2011.11.24"]
[SourceVersion "1"]
[SourceVersionDate "2011.11.24"]
[SourceQuality "1"]
[WhiteTeam "Hajduboszormeny"]
[BlackTeam "Piremon"]
[WhiteTeamCountry "HUN"]
[BlackTeamCountry "HUN"]

1. d4 c5 2. e4 cxd4 3. Nf3 g6 4. Nxd4 Bg7 5. Nc3 Nc6 6. Be3 Nf6 7. Be2 0-0 8. Qd2 d5 9. exd5 Nb4 10. Rd1 Nfxd5 11. Nxd5 Nxd5 12. Nb3 Be6 13. Bd4 Nf6 14. 0-0 Qc7 15. Qc3 Rac8 16. Qxc7 Rxc7 17. c3 b6 18. Be5 Rd7 19. Rxd7 Nxd7 20. Bxg7 Kxg7 21. Nd4 Bd5 22. Bf3 Bxf3 23. Nxf3 Rc8 24. Rd1 Nf6 25. Kf1 e6 26. Ke2 h6 27. Nd4 Nd5 28. Nc2 Rc7 29. Ne3 Nf6 30. c4 h5 31. f3 1/2-1/2